LEADER 00813nam a22002291i 4500 001 991003576459707536 005 20030908134353.0 008 031111s1969 uik|||||||||||||||||eng 035 $ab12445629-39ule_inst 035 $aARCHE-047891$9ExL 040 $aDip.to Lingue$bita$cA.t.i. Arché s.c.r.l. Pandora Sicilia s.r.l. 100 1 $aGibbs, Anthony Matthews$d<1933- >$0193551 245 10$aShaw /$cA.M. Gibbs 260 $aEdinburgh :$bOliver and Boyd,$c1969 300 $a120 p. ;$c19 cm 440 0$aWriters and critics 907 $a.b12445629$b02-04-14$c13-11-03 912 $a991003576459707536 945 $aLE012 SHA 3$g1$i2012000239555$lle012$o-$pE0.00$q-$rl$s- $t0$u0$v0$w0$x0$y.i12872258$z13-11-03 996 $aShaw$9179878 997 $aUNISALENTO 998 $ale012$b13-11-03$cm$da $e-$feng$guik$h0$i1